神奈川県にある漢字4文字の駅 - Statistics

General Stats
  • This quiz has been taken 38 times
  • The average score is 34 of 53
Answer Stats
Hint Answer % Correct
川崎市 武蔵小杉
94%
横浜市 東神奈川
91%
三浦市 三浦海岸
88%
川崎市 武蔵中原
88%
横浜市 北新横浜
84%
川崎市 京急川崎
84%
横浜市 京急鶴見
84%
相模原市 相模大野
84%
大和市 中央林間
84%
箱根町 箱根湯本
84%
川崎市 武蔵新城
84%
厚木市 愛甲石田
81%
秦野市 鶴巻温泉
81%
藤沢市 藤沢本町
81%
藤沢市 鵠沼海岸
78%
横浜市 金沢八景
75%
横浜市 金沢文庫
75%
座間市 相武台前
75%
川崎市 川崎新町
72%
横須賀市 北久里浜
72%
川崎市 小島新田
72%
大和市 相模大塚
72%
相模原市 相武台下
72%
川崎市 川崎大師
69%
横須賀市 京急田浦
69%
横浜市 京急富岡
69%
横須賀市 京急長沢
69%
横浜市 鶴見市場
69%
横浜市 鶴見小野
69%
川崎市 武蔵白石
69%
横須賀市 京急大津
66%
横須賀市 県立大学
63%
大和市 高座渋谷
59%
鎌倉市 湘南深沢
59%
横浜市 十日市場
59%
小田原市 箱根板橋
59%
横須賀市 馬堀海岸
59%
横浜市 岸根公園
56%
小田原市 五百羅漢
53%
横須賀市 津久井浜
53%
横浜市 日吉本町
53%
川崎市 二子新地
53%
横浜市 港南中央
50%
横浜市 緑園都市
47%
大井町 相模金子
44%
鎌倉市 湘南町屋
41%
藤沢市 目白山下
41%
南足柄市 和田河原
34%
南足柄市 相模沼田
31%
横浜市 並木中央
31%
横浜市 南部市場
28%
横浜市 野島公園
28%
鎌倉市 富士見町
28%
No matching quizzes found
Score Distribution
Percent of People with Each Score
Percentile by Number Answered
Your Score History
You have not taken this quiz